Equator and PM Countries Quiz Stats

 Plays Quiz Updated Nov 8, 2018

     
Support Sporcle.
Go Orange.
Score 0/21 Timer 05:00
0 Plays Today
Country % Correct
Brazil
88.8%
United Kingdom
83.2%
Ecuador
82.9%
Spain
72.8%
France
72.4%
Indonesia
72.2%
Kenya
69.8%
Democratic Republic of the Congo
69%
Algeria
68.3%
Colombia
67%
Mali
62%
Country % Correct
Republic of The Congo
56.1%
Uganda
55.6%
Ghana
55.2%
Somalia
51.2%
Togo
50.8%
Gabon
48.6%
Burkina Faso
47.8%
São Tomé and Príncipe
34.5%
Maldives
32.9%
Kiribati
23%

From the Vault

QWERTY Keyboard Blitz

by AuroraIllumina

Whatever you do during this typing blitz, don't throw your keyboard!
Remove Ads.
Support Sporcle.
Get the best of Sporcle when you Go Orange. This ad-free experience offers more features, more stats, and more fun while also helping to support Sporcle. Thank you for becoming a member.

Show Comments

Extras

Top Quizzes Today


Score Distribution

Your Account Isn't Verified!

In order to create a playlist on Sporcle, you need to verify the email address you used during registration. Go to your Sporcle Settings to finish the process.

Report this User

Report this user for behavior that violates our Community Guidelines.

Details: